00424 a2200121 4500001000900000005001700009008004100026245011600067100002200183700002500205773005500230999001700285ART_640120260410161825.0260409a 10aUna mirada sobre la reconversión productiva en el sector construcción en el Partido de General Pueyrredón1 aAtucha, Ana Julia1 aArana, Lidia Beatriz0 tFACESg- Año 7, Nº 12 (set./dic. 2001)wREV5046 c22748d22748